000 00890nam a2200289 i 4500
001 82229
003 ES-MaACL
005 20240409175239.0
007 t|
008 041201s2003 sp ||||1| spa d
020 _a84-376-1295-0
080 _a821.134.2-14"19"
100 1 _aSalinas, Pedro,
_d1891-1951
_9101942
245 1 3 _aLa voz a ti debida ; Razón de amor ; Largo lamento /
_cPedro Salinas ; edición de Montserrat Escartín Gual.
250 _a6ª ed.
260 _aMadrid :
_bCátedra,
_c2003.
300 _a573 p. :
_bil. ;
_c18 cm.
490 1 _aLetras hispánicas ;
_v386
504 _aBibliografía: p. [75]-99.
700 1 _aEscartín Gual, M.
_947523
740 0 _aRazón de amor.
740 0 _aLargo lamento.
830 0 0 _aLetras hispánicas ;
_v386
_9235703
852 _aES-MaACL
_jL-28552
_bR.134284
942 _2udc
999 _c82229
_d82229